00529nam a2200193Ia 4500003000400000005001700004008004100021040000700062041000800069082001900077100003700096245006500133260005400198300001000252365001300262440000900275650002900284650002200313OSt20230522155006.0210423s2002 xx 000 0 und d cAL aeng a323 223bIIHR aINDIAN INSTITUTE OF HUMAN RIGHTS aRole of amnesty red cross and national human right commision aNew DelhibIndian Institute of Human Rightsc2002 a1,100 b250cINR v4B.2 aCivil & Political Rights aPolitical Science